000 00722cab a2200241 4500
001 WB3023-15
008 090401t1994 xxu||||| |||| 00| 0 eng d
035 _a(Sirsi) u71310
041 _aeng
245 _aWindows of opportunity
260 _c1994
350 _a0
490 _aTimes
_v15 June 1994, 35(1)
520 _aDiscusses the use of PVC replacement window frames in listed buildings in the light of recent arguments over the use of plastic windows at Cowes Castle.
650 _aHISTORIC BUILDINGS
650 _aLISTED BUILDINGS
650 _aPLASTIC WINDOWS
650 _aPVC REPLACEMENT WINDOWS
650 _aROYAL YACHT SQUADRON
690 _aCONSERVATION
942 _n0
948 _c04/03/1997
999 _c44938
_d44938